[Event "ODJM A 2025"]
[Site "Willingen GER"]
[Date "2025.06.08"]
[Round "1"]
[White "Ruddat, Jarne"]
[Black "Apel, Linus"]
[Result "1/2-1/2"]
[Termination "normal"]
[Board "28"]
[WhiteElo "1925"]
[BlackElo "1783"]
[WhiteClock "00:28:53"]
[BlackClock "00:21:29"]
[PlyCount "86"]
[WhiteFideId "16254236"]
[BlackFideId "16265785"]
[EventCountry "GER"]
[EventRounds "9"]
[EventType "swiss"]
[EventDate "2025.06.07"]

1. e4 {[%clk 01:30:54]} {[%emt 00:00:04]} e5 {[%clk 01:30:50]} {[%emt
00:00:10]} 2. Nf3 {[%clk 01:31:20]} {[%emt 00:00:05]} Nc6 {[%clk 01:31:12]}
{[%emt 00:00:08]} 3. d4 {[%clk 01:31:44]} {[%emt 00:00:06]} exd4 {[%clk
01:31:29]} {[%emt 00:00:12]} 4. Nxd4 {[%clk 01:32:08]} {[%emt 00:00:07]} Nf6
{[%clk 01:31:50]} {[%emt 00:00:08]} 5. Nc3 {[%clk 01:32:32]} {[%emt 00:00:06]}
Bb4 {[%clk 01:32:11]} {[%emt 00:00:10]} 6. Nxc6 {[%clk 01:32:54]} {[%emt
00:00:08]} bxc6 {[%clk 01:32:32]} {[%emt 00:00:10]} 7. Bd3 {[%clk 01:33:20]}
{[%emt 00:00:03]} d5 {[%clk 01:32:36]} {[%emt 00:00:25]} 8. exd5 {[%clk
01:33:44]} {[%emt 00:00:06]} cxd5 {[%clk 01:32:57]} {[%emt 00:00:10]} 9. O-O
{[%clk 01:34:06]} {[%emt 00:00:07]} O-O {[%clk 01:33:18]} {[%emt 00:00:09]} 10.
h3 {[%clk 01:34:33]} {[%emt 00:00:04]} h6 {[%clk 01:33:23]} {[%emt 00:00:24]}
11. Qf3 {[%clk 01:34:43]} {[%emt 00:00:21]} c6 {[%clk 01:33:22]} {[%emt
00:00:31]} 12. Bf4 {[%clk 01:34:37]} {[%emt 00:00:35]} Be6 {[%clk 01:31:21]}
{[%emt 00:02:31]} 13. a3 {[%clk 01:30:17]} {[%emt 00:04:51]} Bd6 {[%clk
01:29:58]} {[%emt 00:01:51]} 14. Ne2 {[%clk 01:27:59]} {[%emt 00:02:49]} c5
{[%clk 01:23:28]} {[%emt 00:07:00]} 15. Rad1 {[%clk 01:25:32]} {[%emt
00:02:57]} Rb8 {[%clk 01:16:14]} {[%emt 00:07:45]} 16. b3 {[%clk 01:23:01]}
{[%emt 00:03:01]} Re8 {[%clk 01:07:37]} {[%emt 00:09:07]} 17. Ng3 {[%clk
01:04:30]} {[%emt 00:18:59]} Rb6 {[%clk 00:56:30]} {[%emt 00:11:38]} 18. Rfe1
{[%clk 00:53:27]} {[%emt 00:11:33]} Bxf4 {[%clk 00:37:11]} {[%emt 00:19:50]}
19. Qxf4 {[%clk 00:53:54]} {[%emt 00:00:03]} Qc8 {[%clk 00:37:26]} {[%emt
00:00:14]} 20. Be2 {[%clk 00:43:52]} {[%emt 00:10:33]} Rd8 {[%clk 00:34:06]}
{[%emt 00:03:50]} 21. Rd3 {[%clk 00:37:46]} {[%emt 00:06:35]} Rc6 {[%clk
00:26:28]} {[%emt 00:08:08]} 22. Nh5 {[%clk 00:35:21]} {[%emt 00:02:54]} Nxh5
{[%clk 00:24:40]} {[%emt 00:02:19]} 23. Bxh5 {[%clk 00:35:50]} {[%emt
00:00:02]} Qc7 {[%clk 00:25:02]} {[%emt 00:00:08]} 24. Qd2 {[%clk 00:34:15]}
{[%emt 00:02:04]} Kh7 {[%clk 00:23:15]} {[%emt 00:02:18]} 25. Rg3 {[%clk
00:27:14]} {[%emt 00:07:29]} Bf5 {[%clk 00:22:05]} {[%emt 00:01:41]} 26. Rge3
{[%clk 00:24:31]} {[%emt 00:03:13]} Re6 {[%clk 00:18:46]} {[%emt 00:03:49]} 27.
Bf3 {[%clk 00:16:48]} {[%emt 00:08:13]} Qd6 {[%clk 00:14:33]} {[%emt 00:04:43]}
28. Rd1 {[%clk 00:14:48]} {[%emt 00:02:30]} d4 {[%clk 00:12:52]} {[%emt
00:02:11]} 29. Rxe6 {[%clk 00:13:14]} {[%emt 00:02:04]} Bxe6 {[%clk 00:13:21]}
{[%emt 00:00:01]} 30. Qa5 {[%clk 00:11:49]} {[%emt 00:01:55]} Qb6 {[%clk
00:13:26]} {[%emt 00:00:26]} 31. Qa4 {[%clk 00:10:47]} {[%emt 00:01:32]} Rd6
{[%clk 00:10:57]} {[%emt 00:02:59]} 32. Be4+ {[%clk 00:10:25]} {[%emt
00:00:51]} g6 {[%clk 00:11:00]} {[%emt 00:00:27]} 33. Bd3 {[%clk 00:10:12]}
{[%emt 00:00:43]} Kg7 {[%clk 00:10:02]} {[%emt 00:01:28]} 34. Re1 {[%clk
00:08:38]} {[%emt 00:02:04]} Bd7 {[%clk 00:06:50]} {[%emt 00:03:42]} 35. Qc4
{[%clk 00:08:59]} {[%emt 00:00:09]} Re6 {[%clk 00:07:11]} {[%emt 00:00:09]} 36.
Rb1 {[%clk 00:06:18]} {[%emt 00:03:11]} Re5 {[%clk 00:05:19]} {[%emt 00:02:23]}
37. b4 {[%clk 00:03:14]} {[%emt 00:03:34]} Qb7 {[%clk 00:02:06]} {[%emt
00:03:42]} 38. Qa6 {[%clk 00:02:11]} {[%emt 00:01:33]} Qxa6 {[%clk 00:01:53]}
{[%emt 00:00:44]} 39. Bxa6 {[%clk 00:02:40]} {[%emt 00:00:01]} Ba4 {[%clk
00:02:12]} {[%emt 00:00:10]} 40. Rc1 {[%clk 00:02:17]} {[%emt 00:00:53]} cxb4
{[%clk 00:01:29]} {[%emt 00:01:14]} 41. axb4 {[%clk 00:02:45]} {[%emt
00:00:02]} Re6 {[%clk 00:00:39]} {[%emt 00:01:18]} 42. Bd3 {[%clk 00:30:30]}
{[%emt 00:02:45]} Rb6 {[%clk 00:22:04]} {[%emt 00:09:06]} 43. Rb1 {[%clk
00:28:53]} {[%emt 00:02:07]} Bb5 {[%clk 00:21:29]} {[%emt 00:01:05]} 1/2-1/2

[Event "ODJM A 2025"]
[Site "Willingen GER"]
[Date "2025.06.08"]
[Round "1"]
[White "Andresen, Marc"]
[Black "Zweigait, Leon"]
[Result "1/2-1/2"]
[Termination "normal"]
[Board "29"]
[WhiteElo "1857"]
[BlackElo "1913"]
[WhiteClock "00:00:47"]
[BlackClock "00:13:19"]
[PlyCount "53"]
[WhiteFideId "16233719"]
[BlackFideId "16201388"]
[EventCountry "GER"]
[EventRounds "9"]
[EventType "swiss"]
[EventDate "2025.06.07"]

1. e4 {[%clk 01:30:57]} {[%emt 00:00:03]} c5 {[%clk 01:30:55]} {[%emt
00:00:05]} 2. Nf3 {[%clk 01:31:17]} {[%emt 00:00:11]} e6 {[%clk 01:31:19]}
{[%emt 00:00:07]} 3. c3 {[%clk 01:31:04]} {[%emt 00:00:43]} Nf6 {[%clk
01:31:10]} {[%emt 00:00:38]} 4. e5 {[%clk 01:31:23]} {[%emt 00:00:11]} Nd5
{[%clk 01:31:35]} {[%emt 00:00:04]} 5. g3 {[%clk 01:31:49]} {[%emt 00:00:04]}
Nc6 {[%clk 01:31:32]} {[%emt 00:00:33]} 6. Bg2 {[%clk 01:32:15]} {[%emt
00:00:04]} g6 {[%clk 01:30:19]} {[%emt 00:01:43]} 7. O-O {[%clk 01:31:08]}
{[%emt 00:01:37]} Bg7 {[%clk 01:30:41]} {[%emt 00:00:07]} 8. Re1 {[%clk
01:30:57]} {[%emt 00:00:42]} O-O {[%clk 01:30:51]} {[%emt 00:00:20]} 9. Na3
{[%clk 01:27:04]} {[%emt 00:04:23]} a6 {[%clk 01:26:59]} {[%emt 00:04:22]} 10.
Nc2 {[%clk 01:13:10]} {[%emt 00:14:24]} b5 {[%clk 01:17:07]} {[%emt 00:10:22]}
11. d4 {[%clk 01:11:41]} {[%emt 00:01:59]} d6 {[%clk 01:07:59]} {[%emt
00:09:38]} 12. Bg5 {[%clk 01:03:11]} {[%emt 00:09:49]} Qc7 {[%clk 01:05:26]}
{[%emt 00:02:14]} 13. exd6 {[%clk 01:02:36]} {[%emt 00:01:04]} Qxd6 {[%clk
01:05:48]} {[%emt 00:00:08]} 14. dxc5 {[%clk 01:02:05]} {[%emt 00:01:02]} Qxc5
{[%clk 01:06:07]} {[%emt 00:00:10]} 15. Ne3 {[%clk 01:01:50]} {[%emt 00:00:45]}
Nde7 {[%clk 00:49:12]} {[%emt 00:17:25]} 16. Ng4 {[%clk 00:48:34]} {[%emt
00:13:46]} Rd8 {[%clk 00:40:05]} {[%emt 00:09:37]} 17. Qe2 {[%clk 00:43:24]}
{[%emt 00:05:41]} Bb7 {[%clk 00:32:15]} {[%emt 00:08:20]} 18. Nfe5 {[%clk
00:28:25]} {[%emt 00:15:29]} Rac8 {[%clk 00:22:11]} {[%emt 00:10:33]} 19. Nxf7
{[%clk 00:24:55]} {[%emt 00:04:00]} Kxf7 {[%clk 00:17:00]} {[%emt 00:05:41]}
20. Qxe6+ {[%clk 00:25:20]} {[%emt 00:00:05]} Kf8 {[%clk 00:16:35]} {[%emt
00:00:54]} 21. Nh6 {[%clk 00:08:05]} {[%emt 00:17:46]} Bxh6 {[%clk 00:13:13]}
{[%emt 00:03:52]} 22. Bxh6+ {[%clk 00:02:12]} {[%emt 00:06:23]} Ke8 {[%clk
00:13:36]} {[%emt 00:00:07]} 23. Qg8+ {[%clk 00:02:08]} {[%emt 00:00:35]} Kd7
{[%clk 00:13:58]} {[%emt 00:00:07]} 24. Qe6+ {[%clk 00:01:09]} {[%emt
00:01:29]} Ke8 {[%clk 00:12:50]} {[%emt 00:01:39]} 25. Qg8+ {[%clk 00:00:41]}
{[%emt 00:00:58]} Kd7 {[%clk 00:13:11]} {[%emt 00:00:08]} 26. Qe6+ {[%clk
00:00:33]} {[%emt 00:00:39]} Ke8 {[%clk 00:13:19]} {[%emt 00:00:20]} 27. Qg8+
{[%clk 00:00:47]} {[%emt 00:00:17]} 1/2-1/2

[Event "ODJM A 2025"]
[Site "Willingen GER"]
[Date "2025.06.08"]
[Round "1"]
[White "Beduschi, Ben"]
[Black "Schuricht, Paul Alexander"]
[Result "1-0"]
[Termination "normal"]
[Board "30"]
[WhiteElo "2017"]
[BlackElo "1920"]
[WhiteClock "00:18:14"]
[BlackClock "00:08:49"]
[PlyCount "97"]
[WhiteFideId "16273443"]
[BlackFideId "16270177"]
[EventCountry "GER"]
[EventRounds "9"]
[EventType "swiss"]
[EventDate "2025.06.07"]

1. d4 {[%clk 01:30:33]} {[%emt 00:00:25]} Nf6 {[%clk 01:30:50]} {[%emt
00:00:11]} 2. Nf3 {[%clk 01:30:57]} {[%emt 00:00:06]} g6 {[%clk 01:31:12]}
{[%emt 00:00:07]} 3. Bf4 {[%clk 01:31:22]} {[%emt 00:00:06]} Bg7 {[%clk
01:31:31]} {[%emt 00:00:11]} 4. e3 {[%clk 01:31:44]} {[%emt 00:00:07]} O-O
{[%clk 01:31:52]} {[%emt 00:00:09]} 5. Be2 {[%clk 01:32:10]} {[%emt 00:00:04]}
d6 {[%clk 01:32:14]} {[%emt 00:00:08]} 6. h3 {[%clk 01:32:35]} {[%emt
00:00:05]} c5 {[%clk 01:32:29]} {[%emt 00:00:15]} 7. O-O {[%clk 01:32:54]}
{[%emt 00:00:11]} Qb6 {[%clk 01:30:46]} {[%emt 00:02:13]} 8. Na3 {[%clk
01:26:55]} {[%emt 00:06:30]} cxd4 {[%clk 01:14:06]} {[%emt 00:17:09]} 9. Nc4
{[%clk 01:26:02]} {[%emt 00:01:23]} Qc7 {[%clk 01:12:26]} {[%emt 00:02:10]} 10.
exd4 {[%clk 01:26:10]} {[%emt 00:00:22]} Nd5 {[%clk 01:03:04]} {[%emt
00:09:52]} 11. Bh2 {[%clk 01:23:27]} {[%emt 00:03:13]} Nc6 {[%clk 00:56:18]}
{[%emt 00:07:17]} 12. c3 {[%clk 01:21:15]} {[%emt 00:09:23]} Bf5 {[%clk
00:44:52]} {[%emt 00:05:14]} 13. Ne1 {[%clk 01:12:50]} {[%emt 00:08:52]} Bh6
{[%clk 00:39:02]} {[%emt 00:06:22]} 14. Bf3 {[%clk 01:04:57]} {[%emt 00:08:23]}
Be6 {[%clk 00:32:55]} {[%emt 00:06:38]} 15. Nd2 {[%clk 01:00:30]} {[%emt
00:04:56]} Nf4 {[%clk 00:30:01]} {[%emt 00:03:25]} 16. Bxf4 {[%clk 00:59:04]}
{[%emt 00:01:55]} Bxf4 {[%clk 00:30:27]} {[%emt 00:00:04]} 17. d5 {[%clk
00:59:11]} {[%emt 00:00:23]} Bf5 {[%clk 00:17:54]} {[%emt 00:13:04]} 18. dxc6
{[%clk 00:58:58]} {[%emt 00:00:43]} bxc6 {[%clk 00:18:14]} {[%emt 00:00:10]}
19. Nb3 {[%clk 00:53:07]} {[%emt 00:06:20]} e5 {[%clk 00:14:22]} {[%emt
00:04:23]} 20. Bg4 {[%clk 00:48:02]} {[%emt 00:05:35]} Be4 {[%clk 00:14:13]}
{[%emt 00:00:39]} 21. Bf3 {[%clk 00:40:54]} {[%emt 00:07:38]} Bf5 {[%clk
00:14:19]} {[%emt 00:00:24]} 22. Bg4 {[%clk 00:18:14]} {[%emt 00:23:09]} Be4
{[%clk 00:14:29]} {[%emt 00:00:20]} 23. Nd2 {[%clk 00:18:42]} {[%emt 00:00:03]}
f5 {[%clk 00:03:52]} {[%emt 00:11:07]} 24. Nxe4 {[%clk 00:18:08]} {[%emt
00:01:04]} fxe4 {[%clk 00:04:08]} {[%emt 00:00:14]} 25. Nc2 {[%clk 00:10:53]}
{[%emt 00:07:45]} h5 {[%clk 00:03:40]} {[%emt 00:00:58]} 26. Be2 {[%clk
00:10:21]} {[%emt 00:01:01]} d5 {[%clk 00:02:34]} {[%emt 00:01:36]} 27. f3
{[%clk 00:02:21]} {[%emt 00:08:31]} Qe7 {[%clk 00:00:55]} {[%emt 00:02:09]} 28.
Qe1 {[%clk 00:01:00]} {[%emt 00:01:51]} Qg5 {[%clk 00:00:41]} {[%emt 00:00:44]}
29. h4 {[%clk 00:00:36]} {[%emt 00:00:54]} Qe7 {[%clk 00:00:36]} {[%emt
00:00:34]} 30. g3 {[%clk 00:00:40]} {[%emt 00:00:26]} Bh6 {[%clk 00:00:32]}
{[%emt 00:00:34]} 31. fxe4 {[%clk 00:00:51]} {[%emt 00:00:20]} dxe4 {[%clk
00:00:55]} {[%emt 00:00:07]} 32. Bc4+ {[%clk 00:00:55]} {[%emt 00:00:26]} Kg7
{[%clk 00:01:17]} {[%emt 00:00:08]} 33. Qxe4 {[%clk 00:00:47]} {[%emt
00:00:38]} Qc5+ {[%clk 00:00:39]} {[%emt 00:01:08]} 34. Kg2 {[%clk 00:01:09]}
{[%emt 00:00:08]} Rad8 {[%clk 00:00:40]} {[%emt 00:00:28]} 35. Rxf8 {[%clk
00:00:53]} {[%emt 00:00:46]} Rxf8 {[%clk 00:01:07]} {[%emt 00:00:03]} 36. Rf1
{[%clk 00:01:03]} {[%emt 00:00:21]} Rd8 {[%clk 00:00:40]} {[%emt 00:00:57]} 37.
Rf2 {[%clk 00:00:39]} {[%emt 00:00:54]} Rd1 {[%clk 00:00:34]} {[%emt 00:00:36]}
38. Nb4 {[%clk 00:00:32]} {[%emt 00:00:37]} Be3 {[%clk 00:00:31]} {[%emt
00:00:32]} 39. Rf7+ {[%clk 00:00:37]} {[%emt 00:00:26]} Kh6 {[%clk 00:00:47]}
{[%emt 00:00:14]} 40. Be2 {[%clk 00:00:33]} {[%emt 00:00:34]} Rg1+ {[%clk
00:00:36]} {[%emt 00:00:40]} 41. Kh2 {[%clk 00:25:57]} {[%emt 00:05:05]} Bf4
{[%clk 00:19:37]} {[%emt 00:11:30]} 42. Nd3 {[%clk 00:18:25]} {[%emt 00:08:02]}
Bxg3+ {[%clk 00:17:01]} {[%emt 00:03:06]} 43. Kh3 {[%clk 00:18:54]} {[%emt
00:00:02]} Qd6 {[%clk 00:15:25]} {[%emt 00:02:05]} 44. Qe3+ {[%clk 00:18:49]}
{[%emt 00:00:34]} Bf4 {[%clk 00:14:17]} {[%emt 00:01:40]} 45. Nxf4 {[%clk
00:19:01]} {[%emt 00:00:17]} Rh1+ {[%clk 00:08:50]} {[%emt 00:05:57]} 46. Kg2
{[%clk 00:19:04]} {[%emt 00:00:27]} g5 {[%clk 00:08:41]} {[%emt 00:00:39]} 47.
hxg5+ {[%clk 00:19:05]} {[%emt 00:00:29]} Kxg5 {[%clk 00:08:58]} {[%emt
00:00:13]} 48. Nd5+ {[%clk 00:18:14]} {[%emt 00:01:20]} Kh4 {[%clk 00:08:49]}
{[%emt 00:00:40]} 49. Qg3# {[%emt 00:00:09]} 1-0

[Event "ODJM A 2025"]
[Site "Willingen GER"]
[Date "2025.06.08"]
[Round "1"]
[White "Tulchynsky, Mark"]
[Black "Astner, Sebastian"]
[Result "0-1"]
[Termination "normal"]
[Board "31"]
[WhiteElo "1810"]
[BlackElo "1930"]
[WhiteClock "00:30:05"]
[BlackClock "00:20:30"]
[PlyCount "100"]
[WhiteFideId "34617698"]
[BlackFideId "12979422"]
[EventCountry "GER"]
[EventRounds "9"]
[EventType "swiss"]
[EventDate "2025.06.07"]

1. e4 {[%clk 01:30:58]} {[%emt 00:00:02]} e5 {[%clk 01:30:54]} {[%emt
00:00:06]} 2. Bc4 {[%clk 01:31:02]} {[%emt 00:00:26]} Nc6 {[%clk 01:30:53]}
{[%emt 00:00:31]} 3. Nc3 {[%clk 01:31:17]} {[%emt 00:00:16]} Bc5 {[%clk
01:25:11]} {[%emt 00:06:12]} 4. d3 {[%clk 01:29:04]} {[%emt 00:02:42]} d6
{[%clk 01:24:50]} {[%emt 00:00:51]} 5. Nf3 {[%clk 01:21:55]} {[%emt 00:07:39]}
Nf6 {[%clk 01:13:49]} {[%emt 00:11:31]} 6. Bg5 {[%emt 00:00:45]} h6 {[%clk
01:13:42]} {[%emt 00:00:35]} 7. Bh4 {[%clk 01:22:06]} {[%emt 00:00:07]} Ne7
{[%clk 01:07:21]} {[%emt 00:06:51]} 8. O-O {[%clk 01:01:26]} {[%emt 00:23:25]}
g5 {[%clk 01:03:12]} {[%emt 00:02:23]} 9. Bg3 {[%clk 00:55:04]} {[%emt
00:06:52]} Ng6 {[%clk 01:00:58]} {[%emt 00:02:45]} 10. Re1 {[%clk 00:41:24]}
{[%emt 00:14:10]} O-O {[%clk 00:44:03]} {[%emt 00:17:25]} 11. Na4 {[%clk
00:31:47]} {[%emt 00:10:06]} Bb6 {[%clk 00:34:20]} {[%emt 00:10:13]} 12. Nxb6
{[%clk 00:32:06]} {[%emt 00:00:11]} axb6 {[%clk 00:34:47]} {[%emt 00:00:04]}
13. d4 {[%clk 00:31:46]} {[%emt 00:00:49]} Qe7 {[%clk 00:33:53]} {[%emt
00:01:24]} 14. Qd2 {[%clk 00:26:02]} {[%emt 00:06:14]} Kh7 {[%clk 00:29:02]}
{[%emt 00:05:21]} 15. Qc3 {[%clk 00:22:12]} {[%emt 00:04:19]} Nd7 {[%clk
00:25:29]} {[%emt 00:04:04]} 16. a3 {[%clk 00:20:43]} {[%emt 00:01:59]} g4
{[%clk 00:23:19]} {[%emt 00:02:40]} 17. Nd2 {[%clk 00:20:04]} {[%emt 00:01:09]}
h5 {[%clk 00:20:19]} {[%emt 00:03:30]} 18. f3 {[%clk 00:17:39]} {[%emt
00:02:55]} Nf6 {[%clk 00:16:57]} {[%emt 00:03:52]} 19. Bd3 {[%clk 00:12:21]}
{[%emt 00:05:47]} h4 {[%clk 00:13:14]} {[%emt 00:04:14]} 20. Bf2 {[%clk
00:11:44]} {[%emt 00:01:07]} Rg8 {[%clk 00:13:28]} {[%emt 00:00:16]} 21. Be3
{[%clk 00:06:24]} {[%emt 00:05:50]} Nh5 {[%clk 00:09:06]} {[%emt 00:04:52]} 22.
Kf2 {[%clk 00:02:52]} {[%emt 00:04:01]} Ngf4 {[%clk 00:06:59]} {[%emt
00:02:38]} 23. Rg1 {[%clk 00:01:33]} {[%emt 00:01:48]} f6 {[%clk 00:03:06]}
{[%emt 00:04:24]} 24. Raf1 {[%clk 00:01:17]} {[%emt 00:00:46]} Qg7 {[%clk
00:01:52]} {[%emt 00:01:44]} 25. Ke1 {[%clk 00:01:18]} {[%emt 00:00:29]} g3
{[%clk 00:02:02]} {[%emt 00:00:20]} 26. h3 {[%clk 00:01:20]} {[%emt 00:00:27]}
Qe7 {[%clk 00:01:13]} {[%emt 00:01:20]} 27. Bxf4 {[%clk 00:01:03]} {[%emt
00:00:47]} Nxf4 {[%clk 00:01:37]} {[%emt 00:00:07]} 28. Bc4 {[%clk 00:01:04]}
{[%emt 00:00:29]} d5 {[%clk 00:01:44]} {[%emt 00:00:22]} 29. Bb3 {[%clk
00:00:35]} {[%emt 00:00:59]} Rd8 {[%clk 00:01:21]} {[%emt 00:00:53]} 30. dxe5
{[%clk 00:00:42]} {[%emt 00:00:23]} fxe5 {[%clk 00:00:56]} {[%emt 00:00:55]}
31. exd5 {[%emt 00:00:18]} Bf5 {[%clk 00:01:01]} {[%emt 00:00:23]} 32. Kd1
{[%clk 00:00:45]} {[%emt 00:00:40]} Nxd5 {[%clk 00:01:05]} {[%emt 00:00:27]}
33. Bxd5 {[%clk 00:01:02]} {[%emt 00:00:13]} Rxd5 {[%clk 00:01:32]} {[%emt
00:00:03]} 34. Re1 {[%clk 00:00:48]} {[%emt 00:00:44]} Rad8 {[%clk 00:01:44]}
{[%emt 00:00:18]} 35. Re2 {[%clk 00:00:59]} {[%emt 00:00:19]} Rc5 {[%clk
00:01:11]} {[%emt 00:01:03]} 36. Qb4 {[%clk 00:00:54]} {[%emt 00:00:35]} Bxc2+
{[%clk 00:01:17]} {[%emt 00:00:24]} 37. Ke1 {[%clk 00:01:23]} Bd3 {[%clk
00:01:31]} {[%emt 00:00:16]} 38. Nb3 {[%clk 00:00:47]} {[%emt 00:01:06]} Bxe2
{[%clk 00:01:04]} {[%emt 00:00:57]} 39. Nxc5 {[%clk 00:00:47]} {[%emt
00:00:30]} Rd1+ {[%clk 00:00:40]} {[%emt 00:00:54]} 40. Kxe2 {[%clk 00:01:12]}
{[%emt 00:00:06]} Rxg1 {[%clk 00:01:03]} {[%emt 00:00:07]} 41. Qe4+ {[%clk
00:00:37]} {[%emt 00:01:05]} Kh8 {[%clk 00:28:38]} {[%emt 00:02:54]} 42. Nd3
{[%clk 00:30:40]} {[%emt 00:00:28]} Rxg2+ {[%clk 00:27:06]} {[%emt 00:02:02]}
43. Kf1 {[%clk 00:31:08]} {[%emt 00:00:02]} Rd2 {[%clk 00:24:53]} {[%emt
00:02:41]} 44. Nxe5 {[%clk 00:30:42]} {[%emt 00:00:58]} g2+ {[%clk 00:25:11]}
{[%emt 00:00:12]} 45. Ke1 {[%clk 00:30:20]} {[%emt 00:00:52]} g1=Q+ {[%clk
00:25:32]} {[%emt 00:00:09]} 46. Kxd2 {[%clk 00:30:39]} {[%emt 00:00:11]} Qd6+
{[%clk 00:25:35]} {[%emt 00:00:27]} 47. Nd3 {[%clk 00:30:27]} {[%emt 00:00:43]}
Qgd4 {[%clk 00:23:46]} {[%emt 00:02:18]} 48. Qe8+ {[%clk 00:30:27]} {[%emt
00:00:30]} Kg7 {[%clk 00:24:05]} {[%emt 00:00:11]} 49. Qb5 {[%clk 00:30:32]}
{[%emt 00:00:24]} Q6f4+ {[%clk 00:20:09]} {[%emt 00:04:27]} 50. Kd1 {[%clk
00:30:05]} {[%emt 00:00:57]} Qxf3+ {[%clk 00:20:30]} {[%emt 00:00:09]} 0-1